Quafe-80: cuestionario para el análisis del funcionamiento de la escuela

Guardat en:
Dades bibliogràfiques
Autor principal: Darder Vidal, Pere (Autor)
Altres autors: López Mira, José Antonio (autor)
Format: Llibre
Idioma:espanyol
Publicat: Barcelona Onda 1985
Matèries:
Etiquetes: Afegir etiqueta
Sense etiquetes, Sigues el primer a etiquetar aquest registre!

MARC

LEADER 00000nam a2200000 a 4500
001 UCP2436
003 CL-VaPUC
008 990514e19850000SP |||||||||||||||||spa|d
082 0 4 |a 372.011  |b DAR  |2 21 
100 0 |a Darder Vidal, Pere  |e author  |9 429177 
700 |a López Mira, José Antonio  |e autor  |9 429178 
245 1 0 |a Quafe-80: cuestionario para el análisis del funcionamiento de la escuela 
300 |a 68 p 
942 |c BK 
945 |d 19990514 00:00:00  |a rbrito 
260 |a Barcelona  |b Onda  |c 1985 
650 0 |a Educación básica   |9 224933 
650 0 |a Formación profesional de profesores  |9 307493 
650 0 |a Reforma educacional   |9 256319 
583 |a last modification  |c 19990514 00:00:00  |k Rodrigo Vera 
999 |c 280965  |d 280963 
952 |0 0  |1 0  |4 0  |6 372_011000000000000_DAR_1985  |7 0  |8 P  |9 321519  |a BIBEDU  |b BIBEDU  |c BIBEDU_PB  |d 2019-11-20  |i 3521338  |o 372.011 DAR 1985  |p 3521338  |r 2024-01-25  |w 2019-11-20  |y BK  |k EPE